[Event "RN-2014-0-00870"]
[Site "LSS email"]
[Date "2014.11.16"]
[Round "?"]
[White "Bieszk, Stanislaw"]
[Black "Smith, Harry E"]
[Result "1/2-1/2"]
[WhiteElo "867"]
[BlackElo "645"]
[PlyCount "73"]
[EventDate "2014.11.07"]
[EventType "tourn (corr)"]
[EventRounds "6"]
[EventCountry "GER"]
[SourceTitle "Corr 2015"]
[Source "ChessBase"]
[SourceDate "2015.07.17"]
[SourceVersion "1"]
[SourceVersionDate "2015.07.17"]
[SourceQuality "1"]

1. c4 e6 2. f4 d5 3. Nf3 dxc4 4. e4 Bb4 5. Bxc4 Nf6 6. Qc2 0-0 7. a3 Ba5 8. b4 Bb6 9. Bb2 Nc6 10. Nc3 a6 11. 0-0-0 Bd4 12. e5 Ng4 13. Ne4 Bxb2+ 14. Kxb2 f5 15. exf6 gxf6 16. h3 Nd4 17. Nxd4 Qxd4+ 18. Kb3 Nf2 19. Nxf2 Qxf2 20. Qe4 Qg3+ 21. d3 Re8 22. h4 Kf8 23. Rh3 Qg4 24. Qf3 Qxf3 25. Rxf3 f5 26. d4 c6 27. Rg1 h5 28. Rg3 Ke7 29. Rg5 Rh8 30. Be2 Bd7 31. Rxh5 Rxh5 32. Bxh5 Rh8 33. Bf3 Rxh4 34. g3 Rh3 35. Be2 b5 36. Bf1 Rh2 37. Rg2 1/2-1/2

[Event "RN-2014-0-00870"]
[Site "LSS email"]
[Date "2014.11.16"]
[Round "?"]
[White "Smith, Harry E"]
[Black "Heineccius, August"]
[Result "1-0"]
[WhiteElo "645"]
[BlackElo "386"]
[PlyCount "41"]
[EventDate "2014.11.07"]
[EventType "tourn (corr)"]
[EventRounds "6"]
[EventCountry "GER"]
[SourceTitle "Corr 2015"]
[Source "ChessBase"]
[SourceDate "2015.07.17"]
[SourceVersion "1"]
[SourceVersionDate "2015.07.17"]
[SourceQuality "1"]

1. e4 Nc6 2. Nf3 f6 3. g3 e5 4. Bg2 Bc5 5. 0-0 d6 6. d3 Bg4 7. a3 Nge7 8. Qd2 0-0 9. Nh4 b6 10. Nc3 Bd4 11. Bf3 g5 12. Bxg4 Nb8 13. Nf3 c6 14. Ne2 c5 15. c3 d5 16. cxd4 exd4 17. e5 f5 18. Nxg5 h6 19. Ne6 Qd7 20. Nxf8 Kxf8 21. Qxh6+ 1-0

[Event "RN-2014-0-00868"]
[Site "LSS email"]
[Date "2014.11.14"]
[Round "?"]
[White "Lenz, Juergen"]
[Black "Smith, Harry E"]
[Result "1-0"]
[WhiteElo "905"]
[BlackElo "645"]
[PlyCount "39"]
[EventDate "2014.11.03"]
[EventType "tourn (corr)"]
[EventRounds "6"]
[EventCountry "GER"]
[SourceTitle "Corr 2015"]
[Source "ChessBase"]
[SourceDate "2015.07.17"]
[SourceVersion "1"]
[SourceVersionDate "2015.07.17"]
[SourceQuality "1"]

1. d4 d5 2. Nf3 e6 3. Bf4 Nd7 4. e3 c6 5. c4 Bb4+ 6. Nc3 Ne7 7. a3 Bxc3+ 8. bxc3 Nf6 9. Qb3 0-0 10. Ne5 Ne4 11. f3 Nf6 12. h4 a6 13. c5 b5 14. cxb6 Bb7 15. c4 dxc4 16. Bxc4 Nf5 17. g4 Ne7 18. Nxf7 Kxf7 19. Bxe6+ Ke8 20. Bc7 1-0

[Event "OP-2014-0-03493"]
[Site "LSS email"]
[Date "2014.09.06"]
[Round "?"]
[White "Firnhaber, Ingo"]
[Black "Smith, Harry E"]
[Result "1-0"]
[WhiteElo "2414"]
[BlackElo "645"]
[PlyCount "67"]
[EventDate "2014.08.31"]
[EventType "tourn (corr)"]
[EventRounds "4"]
[EventCountry "GER"]
[SourceTitle "Corr 2015"]
[Source "ChessBase"]
[SourceDate "2015.07.17"]
[SourceVersion "1"]
[SourceVersionDate "2015.07.17"]
[SourceQuality "1"]

1. e4 e6 2. d4 d5 3. Nc3 Bb4 4. e5 Ne7 5. a3 Bxc3+ 6. bxc3 Nd7 7. Qg4 0-0 8. Bd3 Ng6 9. h4 c5 10. Nf3 f5 11. Qg3 h5 12. Qxg6 Qe8 13. Qg5 c4 14. Be2 g6 15. Qh6 Qf7 16. Ng5 Qg7 17. Nxe6 Qxh6 18. Bxh6 Rf7 19. Nf4 Kh7 20. e6 Re7 21. Bg5 Re8 22. exd7 Bxd7 23. Nxd5 Rf8 24. Nf6+ Rxf6 25. Bxf6 Rf8 26. Be5 b5 27. Kd2 a6 28. a4 f4 29. axb5 Bxb5 30. Rhb1 Rg8 31. Rxb5 axb5 32. Ra7+ Kh6 33. Bf3 Rf8 34. Bg7+ 1-0

[Event "OP-2014-0-03493"]
[Site "LSS email"]
[Date "2014.09.06"]
[Round "?"]
[White "Smith, Harry E"]
[Black "Csoma, Kristof"]
[Result "0-1"]
[WhiteElo "645"]
[BlackElo "953"]
[PlyCount "86"]
[EventDate "2014.08.31"]
[EventType "tourn (corr)"]
[EventRounds "4"]
[EventCountry "GER"]
[SourceTitle "Corr 2015"]
[Source "ChessBase"]
[SourceDate "2015.07.17"]
[SourceVersion "1"]
[SourceVersionDate "2015.07.17"]
[SourceQuality "1"]

1. e4 e5 2. Nf3 Nf6 3. d3 d6 4. Bg5 Be7 5. Bxf6 Bxf6 6. Nc3 c6 7. g3 0-0 8. Bg2 d5 9. 0-0 d4 10. Ne2 Be6 11. c3 dxc3 12. Nxc3 Na6 13. a3 Nc5 14. Ne1 Qd7 15. b4 Nb3 16. a4 Qd4 17. Ne2 Qxa1 18. Qxa1 Nxa1 19. b5 cxb5 20. axb5 Bd7 21. Nc3 Rfc8 22. Nd5 Bd8 23. Nf3 Nc2 24. Nxe5 Bxb5 25. Rd1 f6 26. Nf3 a5 27. Rb1 Bxd3 28. Nd2 Ra7 29. Nf4 Ba6 30. Ne6 Be7 31. Nb3 Bc4 32. Ned4 Nxd4 33. Nxd4 Bc5 34. Nf5 g6 35. Nh6+ Kg7 36. Ng4 h5 37. Ne3 Bxe3 38. fxe3 Bd3 39. e5 fxe5 40. Rd1 e4 41. h4 a4 42. Kf2 Rc2+ 43. Kg1 a3 0-1

[Event "RN-2014-0-00817"]
[Site "LSS email"]
[Date "2014.06.30"]
[Round "?"]
[White "Smith, Harry E"]
[Black "Linart, Ludvik"]
[Result "0-1"]
[WhiteElo "652"]
[BlackElo "922"]
[PlyCount "92"]
[EventDate "2014.06.20"]
[EventType "tourn (corr)"]
[EventRounds "6"]
[EventCountry "GER"]
[SourceTitle "Corr 2015"]
[Source "ChessBase"]
[SourceDate "2015.07.17"]
[SourceVersion "1"]
[SourceVersionDate "2015.07.17"]
[SourceQuality "1"]

1. e4 e5 2. Nf3 Nc6 3. g3 Bc5 4. Bg2 d6 5. 0-0 Nf6 6. h3 0-0 7. d3 h6 8. Nc3 Be6 9. a3 Qd7 10. Re1 Bxh3 11. Be3 Bxe3 12. Rxe3 Bg4 13. Qe1 Bxf3 14. Bxf3 Nd4 15. Bd1 Ng4 16. Bxg4 Qxg4 17. Rc1 Nf3+ 18. Rxf3 Qxf3 19. Qf1 c6 20. Qg2 Qxg2+ 21. Kxg2 f5 22. exf5 Rxf5 23. Ne4 Rd8 24. c4 d5 25. cxd5 cxd5 26. Nd2 Rdf8 27. Rf1 Rc8 28. b4 Rc2 29. Nb1 b5 30. g4 Rg5 31. Kg3 h5 32. f3 e4 33. dxe4 dxe4 34. Re1 exf3 35. Kxf3 Rxg4 36. Re7 Rc1 37. Nd2 Rc3+ 38. Kf2 Rxa3 39. Re5 Rxb4 40. Rxh5 Ra2 41. Ke2 Rd4 42. Rxb5 Rdxd2+ 43. Ke3 Rdb2 44. Rd5 Rb4 45. Rd3 Rh2 46. Rd4 Rh3+ 0-1

[Event "RN-2014-0-00817"]
[Site "LSS email"]
[Date "2014.06.30"]
[Round "?"]
[White "Smith, Harry E"]
[Black "Losev, Vyacheslav"]
[Result "1-0"]
[WhiteElo "652"]
[BlackElo "758"]
[PlyCount "79"]
[EventDate "2014.06.20"]
[EventType "tourn (corr)"]
[EventRounds "6"]
[EventCountry "GER"]
[SourceTitle "Corr 2015"]
[Source "ChessBase"]
[SourceDate "2015.07.17"]
[SourceVersion "1"]
[SourceVersionDate "2015.07.17"]
[SourceQuality "1"]

1. e4 e5 2. Nf3 Nc6 3. g3 Nf6 4. d3 Bb4+ 5. Bd2 Bc5 6. Bg5 h6 7. Bxf6 Qxf6 8. Bg2 d6 9. 0-0 0-0 10. Nh4 Nd4 11. Nc3 Be6 12. a3 c6 13. b4 Bb6 14. Na4 d5 15. c3 Nb3 16. Qxb3 dxe4 17. Qc2 e3 18. fxe3 Bxe3+ 19. Kh1 Qg5 20. Nf3 Qh5 21. Nh4 Bd5 22. Bxd5 cxd5 23. Rae1 d4 24. c4 Rac8 25. Rf5 g5 26. Nf3 f6 27. Rf1 Qg4 28. Ne1 b5 29. Nc5 h5 30. Ne6 Rf7 31. c5 h4 32. Rxf6 Rxf6 33. Rxf6 hxg3 34. Rg6+ Kf7 35. Rh6 gxh2 36. Qxh2 Bf4 37. Nxf4 gxf4 38. Rh7+ Ke6 39. Qh6+ Kf5 40. Rf7# 1-0

[Event "RN-2014-0-00810"]
[Site "LSS email"]
[Date "2014.06.15"]
[Round "?"]
[White "Smith, Harry E"]
[Black "Shim Ng Min, Francis"]
[Result "0-1"]
[WhiteElo "652"]
[BlackElo "1113"]
[PlyCount "60"]
[EventDate "2014.06.05"]
[EventType "tourn (corr)"]
[EventRounds "6"]
[EventCountry "GER"]
[SourceTitle "Corr 2015"]
[Source "ChessBase"]
[SourceDate "2015.07.17"]
[SourceVersion "1"]
[SourceVersionDate "2015.07.17"]
[SourceQuality "1"]

1. e4 c5 2. d3 d6 3. Nf3 Nf6 4. g3 e5 5. Bg2 Be7 6. 0-0 0-0 7. Nc3 Nc6 8. a3 h6 9. b3 Nd4 10. Nxd4 exd4 11. Na2 Qb6 12. Bd2 Bd7 13. c4 dxc3 14. Bxc3 Bc6 15. Bxf6 Bxf6 16. Rb1 Bd4 17. b4 Qa6 18. Re1 Qxa3 19. Qd2 Bd7 20. bxc5 Be6 21. Nb4 Bc3 22. Qd1 Bxb4 23. Ra1 Qc3 24. cxd6 Qxe1+ 25. Qxe1 Bxe1 26. Rxe1 a5 27. e5 Ra7 28. Ra1 a4 29. Ra3 b5 30. Bc6 b4 0-1

[Event "RN-2014-0-00805"]
[Site "LSS email"]
[Date "2014.06.01"]
[Round "?"]
[White "Amuso, Jose Alberto"]
[Black "Smith, Harry E"]
[Result "1/2-1/2"]
[WhiteElo "906"]
[BlackElo "652"]
[PlyCount "93"]
[EventDate "2014.05.14"]
[EventType "tourn (corr)"]
[EventRounds "6"]
[EventCountry "GER"]
[SourceTitle "Corr 2015"]
[Source "ChessBase"]
[SourceDate "2015.07.17"]
[SourceVersion "1"]
[SourceVersionDate "2015.07.17"]
[SourceQuality "1"]

1. Nf3 d5 2. Nc3 e6 3. d4 Bb4 4. a3 Bxc3+ 5. bxc3 Ne7 6. Bg5 0-0 7. e3 Nbc6 8. Bb5 Qd6 9. Bxc6 bxc6 10. Qd3 Nf5 11. g4 Ne7 12. Bxe7 Qxe7 13. Ne5 Bd7 14. Nxd7 Qxd7 15. f4 Qd6 16. 0-0 c5 17. c4 cxd4 18. cxd5 Qxd5 19. Qxd4 Qxd4 20. exd4 c6 21. Rab1 a5 22. c4 a4 23. c5 Rfd8 24. Rb4 Rdc8 25. Rb7 g6 26. f5 Ra6 27. fxe6 Re8 28. Rfxf7 Rxe6 29. Rxh7 Rf6 30. Rh6 Ra5 31. Kg2 Rb5 32. Rxb5 cxb5 33. d5 Kg7 34. g5 Rf5 35. Rh4 Rxg5+ 36. Kf3 Rxd5 37. c6 Rc5 38. Rb4 Rxc6 39. Rxb5 Rc3+ 40. Kg2 Rxa3 41. Rb7+ Kh6 42. h4 Rc3 43. Rb6 a3 44. Ra6 Rc2+ 45. Kg3 a2 46. Ra8 Rc3+ 47. Kg4 1/2-1/2

[Event "RN-2014-0-00805"]
[Site "LSS email"]
[Date "2014.06.01"]
[Round "?"]
[White "Digiglio, Rafael"]
[Black "Smith, Harry E"]
[Result "1/2-1/2"]
[WhiteElo "706"]
[BlackElo "652"]
[PlyCount "72"]
[EventDate "2014.05.14"]
[EventType "tourn (corr)"]
[EventRounds "6"]
[EventCountry "GER"]
[SourceTitle "Corr 2015"]
[Source "ChessBase"]
[SourceDate "2015.07.17"]
[SourceVersion "1"]
[SourceVersionDate "2015.07.17"]
[SourceQuality "1"]

1. e4 e6 2. d4 d5 3. e5 Nd7 4. Nf3 c5 5. Bb5 c4 6. Bxd7+ Bxd7 7. 0-0 Be7 8. Nc3 b5 9. a3 a6 10. b4 a5 11. Bb2 a4 12. Ne2 Bg5 13. Bc1 Bxc1 14. Qxc1 Nh6 15. h3 0-0 16. Ng3 Nf5 17. Nxf5 exf5 18. Qg5 Qxg5 19. Nxg5 h6 20. Nf3 Be6 21. g3 f6 22. exf6 Rxf6 23. Ne5 f4 24. g4 g5 25. f3 Re8 26. c3 Kg7 27. Rae1 Rff8 28. Nc6 Bd7 29. Rxe8 Rxe8 30. Ne5 Bc8 31. Kf2 Bb7 32. Re1 Re7 33. Re2 Kf6 34. Kf1 Kg7 35. Kf2 Kf6 36. Kf1 Kg7 1/2-1/2

[Event "RN-2014-0-00805"]
[Site "LSS email"]
[Date "2014.06.01"]
[Round "?"]
[White "Smith, Harry E"]
[Black "Cherry, Brian"]
[Result "0-1"]
[WhiteElo "652"]
[BlackElo "573"]
[PlyCount "184"]
[EventDate "2014.05.14"]
[EventType "tourn (corr)"]
[EventRounds "6"]
[EventCountry "GER"]
[SourceTitle "Corr 2015"]
[Source "ChessBase"]
[SourceDate "2015.07.17"]
[SourceVersion "1"]
[SourceVersionDate "2015.07.17"]
[SourceQuality "1"]

1. e4 e5 2. Nf3 d6 3. g3 Nf6 4. d3 d5 5. Bg5 Be7 6. Nxe5 Qd6 7. Bf4 Qb6 8. b3 Bb4+ 9. Bd2 0-0 10. Bg2 Bd6 11. 0-0 Bxe5 12. Bc3 Bxc3 13. Nxc3 a6 14. exd5 Qc5 15. Na4 Qd6 16. c4 b5 17. Nc3 Re8 18. a3 Nbd7 19. b4 bxc4 20. dxc4 Bb7 21. Re1 Rxe1+ 22. Qxe1 Re8 23. Qd2 Nb6 24. c5 Nc4 25. cxd6 Nxd2 26. dxc7 Nde4 27. Nxe4 Nxe4 28. d6 Bc8 29. Re1 Nxd6 30. Rd1 Nb5 31. Rc1 Nxa3 32. Bf1 Nb5 33. Bxb5 axb5 34. Rd1 h6 35. Rd8 Kf8 36. Rd5 Bb7 37. Rd1 g5 38. Kf1 Rc8 39. Rc1 Ke7 40. Rc5 Kd6 41. Rf5 Rxc7 42. Rf6+ Ke7 43. Rxh6 Rc4 44. Rb6 Bc6 45. Ke1 Kd7 46. Ra6 Rxb4 47. Ra7+ Ke6 48. h3 Rc4 49. Ra3 Bd5 50. Ra6+ Bc6 51. Kd2 b4 52. Rb6 Kd6 53. Kd3 Rc3+ 54. Kd4 Rf3 55. Rxb4 Rxf2 56. Rb3 Rh2 57. Rd3 Rxh3 58. Kc4+ Kc7 59. Rc3 Rh6 60. Kd4 Kd6 61. Rd3 Ke7 62. Re3+ Kf8 63. Kc5 Bh1 64. Kb5 Rh3 65. Kc5 Kg7 66. Kd6 Kg6 67. Ke5 f6+ 68. Ke6 f5 69. Ke7 f4 70. Re6+ Kh5 71. gxf4 gxf4 72. Re5+ Kg4 73. Kf6 Rh5 74. Re1 f3 75. Re4+ Kg3 76. Kg6 Rh4 77. Re3 Kg2 78. Kg5 Rh3 79. Kg4 Rg3+ 80. Kf4 Kh3 81. Rd3 Kg2 82. Rd2+ f2 83. Rd1 Rf3+ 84. Kg4 f1Q 85. Rxf1 Rxf1 86. Kg5 Kh3 87. Kg6 Be4+ 88. Kg5 Kg3 89. Kh5 Rf5+ 90. Kg6 Kg4 91. Kg7 Kg5 92. Kg8 Kg6 0-1

[Event "RN-2014-0-00805"]
[Site "LSS email"]
[Date "2014.06.01"]
[Round "?"]
[White "Smith, Harry E"]
[Black "Venturas, Bob"]
[Result "1-0"]
[WhiteElo "652"]
[BlackElo "686"]
[PlyCount "119"]
[EventDate "2014.05.14"]
[EventType "tourn (corr)"]
[EventRounds "6"]
[EventCountry "GER"]
[SourceTitle "Corr 2015"]
[Source "ChessBase"]
[SourceDate "2015.07.17"]
[SourceVersion "1"]
[SourceVersionDate "2015.07.17"]
[SourceQuality "1"]

1. e4 e5 2. Nf3 Nc6 3. g3 d5 4. Nc3 d4 5. Nd5 Be6 6. c4 Bc5 7. d3 h6 8. Bg2 Nf6 9. 0-0 Nb8 10. Nxe5 0-0 11. b4 Bd6 12. Nxf6+ Qxf6 13. Ng4 Bxg4 14. Qxg4 Bxb4 15. Bf4 Nc6 16. e5 Nxe5 17. Bxe5 Qxe5 18. Bxb7 Rad8 19. Rab1 a5 20. Be4 f5 21. Bxf5 Qxf5 22. Qd1 Rd7 23. Kg2 Rdf7 24. Rb2 Qc5 25. a4 Qc6+ 26. Kg1 Qg6 27. Kg2 c5 28. Qe2 Rf6 29. Kg1 Re6 30. Qd1 Rf3 31. Qxf3 Kh7 32. Re2 Rf6 33. Qe4 Qxe4 34. Rxe4 Rf3 35. Rd1 Rf6 36. h4 h5 37. Rb1 Rf3 38. Rd1 Rf6 39. Kg2 Kh6 40. f4 Rf5 41. Rb1 Kh7 42. Rb2 Rf6 43. Rbe2 Kg6 44. Re5 Rf5 45. Rxf5 Kxf5 46. Re5+ Kg6 47. Rg5+ Kh6 48. f5 Bd2 49. Rg6+ Kh7 50. Rc6 Bb4 51. Rc7 Kh6 52. Kh3 Ba3 53. Rc6+ Kh7 54. g4 hxg4+ 55. Kxg4 Bb4 56. h5 Ba3 57. f6 gxf6 58. Rxf6 Bb4 59. Kf5 Kg7 60. Rc6 1-0

[Event "OP-2014-0-03409"]
[Site "LSS email"]
[Date "2014.05.31"]
[Round "?"]
[White "Smith, Harry E"]
[Black "Ortega, Rayner"]
[Result "1-0"]
[WhiteElo "652"]
[BlackElo "562"]
[PlyCount "85"]
[EventDate "2014.05.21"]
[EventType "tourn (corr)"]
[EventRounds "4"]
[EventCountry "GER"]
[SourceTitle "Corr 2015"]
[Source "ChessBase"]
[SourceDate "2015.07.17"]
[SourceVersion "1"]
[SourceVersionDate "2015.07.17"]
[SourceQuality "1"]

1. e4 e5 2. Nf3 d6 3. d3 Be6 4. g3 Be7 5. Bg2 Nf6 6. Nc3 c6 7. 0-0 Bg4 8. h3 Bh5 9. Be3 Nbd7 10. Qd2 h6 11. Nh4 Nh7 12. Nf5 Bg5 13. Bxg5 Qxg5 14. Qxg5 hxg5 15. Nxg7+ Kf8 16. Nxh5 Nhf6 17. Nxf6 Nxf6 18. Rad1 g4 19. h4 Ke7 20. d4 Rh5 21. dxe5 dxe5 22. a4 a5 23. b3 Rc8 24. Ne2 b5 25. c3 bxa4 26. bxa4 Nd7 27. c4 Nc5 28. Nc3 Rb8 29. Rfe1 Rb3 30. Re3 Ra3 31. Rc1 Nxa4 32. Nxa4 Rxa4 33. Rb3 c5 34. Rb6 Rb4 35. Ra6 Rh8 36. Rxa5 Rhb8 37. Rxc5 Ke6 38. Rd5 Rc8 39. c5 Rb5 40. c6 Rxd5 41. exd5+ Kd6 42. h5 e4 43. Bxe4 1-0

[Event "OP-2014-0-03409"]
[Site "LSS email"]
[Date "2014.05.31"]
[Round "?"]
[White "Vega, Joaquin"]
[Black "Smith, Harry E"]
[Result "0-1"]
[WhiteElo "800"]
[BlackElo "652"]
[PlyCount "44"]
[EventDate "2014.05.21"]
[EventType "tourn (corr)"]
[EventRounds "4"]
[EventCountry "GER"]
[SourceTitle "Corr 2015"]
[Source "ChessBase"]
[SourceDate "2015.07.17"]
[SourceVersion "1"]
[SourceVersionDate "2015.07.17"]
[SourceQuality "1"]

1. e4 e6 2. d4 d5 3. exd5 Qxd5 4. Nf3 Nc6 5. Nc3 Bb4 6. Be2 Bxc3+ 7. bxc3 b5 8. 0-0 Nf6 9. Ba3 a5 10. Qc1 b4 11. c4 Qd7 12. Bb2 0-0 13. Qg5 Ne4 14. Qf4 Nf6 15. Rad1 Nh5 16. Qh4 g6 17. Ne5 Nxe5 18. dxe5 Qc6 19. Bxh5 Bb7 20. Bf3 Qb6 21. Bxb7 Qxb7 22. Rd7 Qc6 0-1

[Event "OP-2014-0-03409"]
[Site "LSS email"]
[Date "2014.05.31"]
[Round "?"]
[White "Winbush, Jerome"]
[Black "Smith, Harry E"]
[Result "1-0"]
[WhiteElo "1726"]
[BlackElo "652"]
[PlyCount "39"]
[EventDate "2014.05.21"]
[EventType "tourn (corr)"]
[EventRounds "4"]
[EventCountry "GER"]
[SourceTitle "Corr 2015"]
[Source "ChessBase"]
[SourceDate "2015.07.17"]
[SourceVersion "1"]
[SourceVersionDate "2015.07.17"]
[SourceQuality "1"]

1. Nf3 d5 2. g3 e6 3. Bg2 Nc6 4. 0-0 Be7 5. d4 Bd7 6. c4 dxc4 7. Nbd2 b5 8. a4 Nb4 9. Ne5 bxa4 10. Bxa8 Qxa8 11. Nxd7 Kxd7 12. Nxc4 Nf6 13. Ne5+ Ke8 14. Qxa4+ Kf8 15. Qxa7 Qe8 16. Qxc7 Nbd5 17. Qb7 Bd8 18. Nc6 Qd7 19. Qxd7 Nxd7 20. Ra8 1-0

[Event "RN-2014-0-00803"]
[Site "LSS email"]
[Date "2014.05.27"]
[Round "?"]
[White "Bester, Kazimierz"]
[Black "Smith, Harry E"]
[Result "0-1"]
[WhiteElo "744"]
[BlackElo "652"]
[PlyCount "106"]
[EventDate "2014.05.10"]
[EventType "tourn (corr)"]
[EventRounds "6"]
[EventCountry "GER"]
[SourceTitle "Corr 2015"]
[Source "ChessBase"]
[SourceDate "2015.07.17"]
[SourceVersion "1"]
[SourceVersionDate "2015.07.17"]
[SourceQuality "1"]

1. d4 d5 2. Nf3 e6 3. e3 Bd6 4. Be2 Nf6 5. 0-0 Nc6 6. c3 0-0 7. Nbd2 a5 8. Ne1 e5 9. dxe5 Bxe5 10. f4 Bd6 11. Ndf3 Ne7 12. Nd4 c5 13. Ndf3 c4 14. Nd4 Nf5 15. Nef3 Bc5 16. Ne5 Bxd4 17. exd4 Nh4 18. g3 Ng6 19. Nf3 Bh3 20. Re1 a4 21. a3 b5 22. Ng5 Qd7 23. Bf3 Bg4 24. Bxg4 Nxg4 25. Nf3 Qf5 26. Nh4 Nxh4 27. gxh4 Nf6 28. Re3 Qxf4 29. Rh3 Qf5 30. Rg3 Nh5 31. Rg5 Qf6 32. Qxh5 g6 33. Be3 Rae8 34. Bf2 Kh8 35. Rf1 gxh5 36. Bg3 Qe6 37. Re5 Qh6 38. Rg5 f6 39. Rgf5 Re6 40. Kh1 Qe3 41. Rxh5 Kg7 42. Rhf5 Rf7 43. h5 Qe4+ 44. R5f3 Kh6 45. Kg1 Kxh5 46. Rf5+ Kg6 47. R5f4 Qe3+ 48. Kg2 h5 49. R4f3 Qg5 50. Kh1 Re3 51. Bf4 Rxf3 52. Bxg5 Rxf1+ 53. Kg2 fxg5 0-1

[Event "RN-2014-0-00803"]
[Site "LSS email"]
[Date "2014.05.27"]
[Round "?"]
[White "Feng, Jason"]
[Black "Smith, Harry E"]
[Result "1-0"]
[WhiteElo "868"]
[BlackElo "652"]
[PlyCount "31"]
[EventDate "2014.05.10"]
[EventType "tourn (corr)"]
[EventRounds "6"]
[EventCountry "GER"]
[SourceTitle "Corr 2015"]
[Source "ChessBase"]
[SourceDate "2015.07.17"]
[SourceVersion "1"]
[SourceVersionDate "2015.07.17"]
[SourceQuality "1"]

1. e4 e5 2. Nf3 Nc6 3. Bc4 Nf6 4. Ng5 d5 5. exd5 Nxd5 6. Nxf7 Kxf7 7. Qf3+ Ke6 8. Nc3 Nce7 9. 0-0 c6 10. Re1 b5 11. Bb3 Bb7 12. d4 b4 13. Rxe5+ Kd6 14. Ne4+ Kc7 15. Nc5 Rc8 16. Ne6+ 1-0

[Event "RN-2014-0-00795"]
[Site "LSS email"]
[Date "2014.05.01"]
[Round "?"]
[White "Smith, Harry E"]
[Black "Bester, Kazimierz"]
[Result "1-0"]
[WhiteElo "652"]
[BlackElo "744"]
[PlyCount "137"]
[EventDate "2014.04.13"]
[EventType "tourn (corr)"]
[EventRounds "6"]
[EventCountry "GER"]
[SourceTitle "Corr 2015"]
[Source "ChessBase"]
[SourceDate "2015.07.17"]
[SourceVersion "1"]
[SourceVersionDate "2015.07.17"]
[SourceQuality "1"]

1. e4 d5 2. e5 Nd7 3. d4 Nb6 4. Nf3 Bg4 5. g3 Qd7 6. Bg2 e6 7. 0-0 0-0-0 8. Bd2 Nc4 9. Bc3 Nxb2 10. Bxb2 Nh6 11. Nbd2 Nf5 12. c3 h6 13. h3 Bxf3 14. Qxf3 g5 15. Qe2 c5 16. a4 c4 17. Qg4 Be7 18. a5 a6 19. Ba3 h5 20. Qd1 Bxa3 21. Rxa3 Qe7 22. Ra1 Rdg8 23. Qc2 g4 24. h4 Qd7 25. Rfe1 Kb8 26. Rab1 Rc8 27. Rb2 Rc7 28. Reb1 Ka7 29. Rb6 Rb8 30. R1b2 Rc6 31. Qb1 Rxb6 32. axb6+ Ka8 33. Rb4 Rc8 34. Qb2 Rc6 35. Nb1 Qd8 36. Na3 Ne7 37. Kh2 Nc8 38. Qa2 Nxb6 39. Nb5 Kb8 40. Nd6 Qe7 41. Qb2 Qc7 42. Nxf7 Ka7 43. Nd6 Kb8 44. Qc2 Qg7 45. Qb1 Qc7 46. f4 Ka7 47. Qa2 Rxd6 48. exd6 Qxd6 49. Bf1 Nd7 50. Be2 Nf6 51. Qb1 b5 52. Bd1 Ne4 53. Qc2 Qb6 54. Qc1 Nf2 55. Bc2 a5 56. Rb2 Ka6 57. Qd2 Ne4 58. Bxe4 dxe4 59. Qe1 Qc6 60. Re2 b4 61. Rxe4 Kb7 62. Rxe6 Qf3 63. Re7+ Kb6 64. cxb4 Kb5 65. bxa5 c3 66. Re5+ Kc4 67. Rc5+ Kxd4 68. Rxc3 Qa8 69. Qe5# 1-0

[Event "SN-2014-0-00589"]
[Site "LSS email"]
[Date "2014.04.27"]
[Round "?"]
[White "Lenz, Juergen"]
[Black "Smith, Harry E"]
[Result "0-1"]
[WhiteElo "947"]
[BlackElo "652"]
[PlyCount "84"]
[EventDate "2014.04.08"]
[EventType "tourn (corr)"]
[EventRounds "6"]
[EventCountry "GER"]
[SourceTitle "Corr 2015"]
[Source "ChessBase"]
[SourceDate "2015.07.17"]
[SourceVersion "1"]
[SourceVersionDate "2015.07.17"]
[SourceQuality "1"]

1. d4 d5 2. Nf3 e6 3. Bf4 Bd6 4. Bg3 Bxg3 5. hxg3 Nf6 6. e3 Bd7 7. Ne5 Nc6 8. f4 Nxe5 9. dxe5 Ne4 10. Rh3 Qe7 11. c3 0-0 12. Qh5 h6 13. Bd3 Be8 14. Bxe4 dxe4 15. Nd2 f5 16. Qe2 a6 17. 0-0-0 Bb5 18. c4 Qc5 19. Kb1 Ba4 20. b3 Bd7 21. Nxe4 fxe4 22. Rd4 Bc6 23. Qd2 a5 24. g4 b5 25. g5 bxc4 26. Rxc4 Qd5 27. Rd4 Qb5 28. gxh6 a4 29. b4 Bd5 30. hxg7 Kxg7 31. Qd1 Rh8 32. Rg3+ Kf8 33. f5 c6 34. fxe6 Rg8 35. Rxg8+ Kxg8 36. Qg4+ Kf8 37. Qf5+ Kg8 38. Qf7+ Kh8 39. Rd1 Qxb4+ 40. Kc2 Qc4+ 41. Kd2 Qd3+ 42. Ke1 Qxe3+ 0-1

[Event "SN-2014-0-00589"]
[Site "LSS email"]
[Date "2014.04.27"]
[Round "?"]
[White "Neil, Charles"]
[Black "Smith, Harry E"]
[Result "0-1"]
[WhiteElo "513"]
[BlackElo "652"]
[PlyCount "75"]
[EventDate "2014.04.08"]
[EventType "tourn (corr)"]
[EventRounds "6"]
[EventCountry "GER"]
[SourceTitle "Corr 2015"]
[Source "ChessBase"]
[SourceDate "2015.07.17"]
[SourceVersion "1"]
[SourceVersionDate "2015.07.17"]
[SourceQuality "1"]

1. e4 e6 2. d4 d5 3. Nd2 Be7 4. Ngf3 Nf6 5. Bd3 c6 6. e5 Nh5 7. Nf1 b6 8. Be3 Nd7 9. g4 Nhf6 10. exf6 Bxf6 11. Qd2 c5 12. Ng3 c4 13. Bf1 0-0 14. c3 e5 15. Bg2 e4 16. g5 Be7 17. h4 g6 18. 0-0 Nb8 19. h5 Bg4 20. Ne5 Bxh5 21. Nxh5 b5 22. Nf4 Bxg5 23. Kh2 Nd7 24. Nxd5 Bxe3 25. Qxe3 Qh4+ 26. Qh3 Qxh3+ 27. Bxh3 Nxe5 28. Nf6+ Kg7 29. Nxe4 Nf3+ 30. Kg3 Ng5 31. Nxg5 h6 32. Ne4 Rad8 33. Rad1 Rd5 34. Bg2 a5 35. Nc5 Rg5+ 36. Kh2 Re8 37. Rfe1 Rd8 38. Nb7 0-1

[Event "SN-2014-0-00589"]
[Site "LSS email"]
[Date "2014.04.27"]
[Round "?"]
[White "Newton, Daryl"]
[Black "Smith, Harry E"]
[Result "1-0"]
[WhiteElo "532"]
[BlackElo "652"]
[PlyCount "75"]
[EventDate "2014.04.08"]
[EventType "tourn (corr)"]
[EventRounds "6"]
[EventCountry "GER"]
[SourceTitle "Corr 2015"]
[Source "ChessBase"]
[SourceDate "2015.07.17"]
[SourceVersion "1"]
[SourceVersionDate "2015.07.17"]
[SourceQuality "1"]

1. e4 e6 2. e5 d5 3. d4 c5 4. c3 c4 5. Nf3 Be7 6. Ng5 Bxg5 7. h4 Bxh4 8. g3 Bg5 9. f4 Be7 10. Qg4 g6 11. Be3 Nh6 12. Rxh6 f5 13. Qh3 Kd7 14. Nd2 Qg8 15. 0-0-0 Nc6 16. g4 fxg4 17. Qxg4 Qg7 18. Rh5 Kc7 19. Nf3 Bd7 20. Rh2 Raf8 21. Nh4 h5 22. Qh3 Bxh4 23. Qxh4 Ne7 24. Bh3 b5 25. Rg1 Be8 26. Bxe6 Bd7 27. Qh3 Nf5 28. Bxd5 Nxd4 29. Qf1 Bg4 30. Bxd4 Rh7 31. Bxa7 Qd7 32. Rd2 Bf5 33. Qf2 Kc8 34. Qc5+ Qc7 35. Qxf8+ Qd8 36. Qc5+ Qc7 37. Bc6 Rg7 38. Bb6 1-0